1298 1484 1029 1331 1651 1581 1377 1499 1496 1363 1780 1235 1681 1806 1208 1683 1357 1113 1446 1768 1247 1469 1275 1835 1096 1602 1156 1987 1356 1209 1859 1070 1060 1602 1629 1604 1719 1502 1042 1766 1535 1016 1205 1528 1795 1125 1630 1869 1380 1197 1842 1886 1875 1554 1724 1057 1687 1951 1076 1453 1216 1525 1775 1536 1865 1163 1535 1266 1436 1327 1139 1419 1457 1718 1848 1404 1749 1910 1323 1678 1179 1895 1890 1123 1981 1486 1835 1945 1274 1826 1833 1185 1159 1104 1541 1670 1623 1434 1725 BCNSPRNW ULIB Ver.6.0+V

เปลี่ยนเป็นภาษาไทย

Change to English
 แสดงรายละเอียดบรรณานุกรม
  กลับหน้าหลัก

Brief Record : Get Marc (ISO 2709) : E-mail record : QR code < ปิดหน้าต่าง
LEADER : 00000nam 2200000uu 4500
001    13399115096
003     ULIB
008    120709s2551||||th 000 0 tha d
020    ^a9789741002368
090    ^aนว.^bจ575 2551
100 0  ^aเจ้าหญิงผู้เลอโฉม
245 00 ^aจอมเวทที่รักพิทักษ์ใจยัยจอมซ่าส์/^cเจ้าหญิงผู้เลอโฉม
250    ^aพิมพ์ครั้งที่ 1
260    ^aกรุงเทพฯ :^bแจ่มใส,^c2551
300    ^a226 หน้า
710 1  ^aแจ่มใส
945    ^p0^l0^i15326
995    ^aกัณชพร
999    ^aใช้งานได้ทุกระบบ
รายการนี้ยังไม่มีแท็ก
คุณยังไม่ได้ล็อกอิน คุณสามารถมีกิจกรรมร่วมกับเว็บไซต์ได้ แต่ต้องล็อกอินก่อน ::
  ล็อกอิน

รายการสื่อสารสนเทศ

ลำดับที่ ประเภท เลขเรียก/บาร์โค้ด สถานที่ สถานะ
1. นวนิยาย
นวนิยาย
นว. จ575 2551  
  Barcode: 15326
ห้องสมุดวิทยาเขตสวรรค์ประชารักษ์
►นวนิยาย
บนชั้น
  ขอยืม

รายการใกล้เคียง
    ผู้แต่ง [เจ้าหญิงผู้เลอโฉม]

BibComment


ยังไม่เคยถูกคอมเมนท์

คอมเมนท์ทรัพยากรรายการนี้
  คอมเมนท์: จอมเวทที่รักพิทั..


 Copyright 2026. Bcnsprnw @Library